Weird NFL Stat Quiz - Statistics

General Stats
  • This quiz has been taken 11 times
  • The average score is 3 of 5
Answer Stats
Stat Player % Correct
Receiving Yards by a QB Taysom Hill
78%
Passing Yards by a TE Taysom Hill
78%
Rushing Yards by a WR Tavon Austin
67%
Receiving Yards by an OLinemen George Connor
22%
Passing Yards by an OLinemen Kenny Fryer
22%
No matching quizzes found
Score Distribution
Percent of People with Each Score
Percentile by Number Answered
Your Score History
You have not taken this quiz